000 00476nam a2200193Ia 4500
003 LK-CoDNM
008 010623t1923 xxu||||| |||| 00| 1 sin d
040 _aLK-CoDNM
_dLK-CoDNM
_eLK-CoDNM
041 _asin
080 _a8 C-110 DAT
100 _aSumedankara, Dabagasare
_rev
245 _aධාතුවංශය
246 _aDathuvanshaya
260 _bM.D.Gunasena
_aColombo
_c1923
300 _b108, 19 cm
650 _aBuddhist
650 _aHistory
942 _cBK
999 _c91791
_d91791